[Event "Let's Play Chess!"]
[Site "http://www.queenalice.com/game.php?id=755576"]
[Date "2010.4.3"]
[Round "-"]
[White "Cleide"]
[Black "Panzer85"]
[Result "0-1"]
[WhiteElo "1406"]
[BlackElo "1730"]

1. e3 e5 2. d4 exd4 3. exd4 d5 4. a3 Nf6 5. c4 Be6 6. c5 Be7 7. Nc3 a6 8. Nf3 h6
9. b4 O-O 10. b5 axb5 11. Bxb5 Bd7 12. Ba4 c6 13. Bd2 Re8 14. O-O Ne4 15. Bc2
Bf5 16. Nxe4 Bxe4 17. Ne5 Bxc2 0-1

[Event "Challenge"]
[Site "http://www.queenalice.com/game.php?id=755577"]
[Date "2010.4.2"]
[Round "-"]
[White "Cleide"]
[Black "pablin"]
[Result "1-0"]
[WhiteElo "1401"]
[BlackElo "1138"]

1. e3 Nf6 2. d4 d5 3. c4 e6 4. a3 Be7 5. Nc3 O-O 6. Nf3 c5 7. Be2 Nc6 8. O-O a6
9. Bd2 Qc7 10. Bd3 Bd7 11. Na4 Bd6 12. dxc5 Be7 13. b4 dxc4 14. Bxc4 b5 15. cxb6
1-0

[Event "Patzer's Gambit"]
[Site "http://www.queenalice.com/game.php?id=755627"]
[Date "2010.4.3"]
[Round "-"]
[White "Cleide"]
[Black "MisterTibs"]
[Result "0-1"]
[WhiteElo "1403"]
[BlackElo "2165"]

1. e3 e5 2. d4 exd4 3. exd4 d5 4. a3 Nf6 5. c4 dxc4 6. Bxc4 Be7 7. Nf3 O-O 8.
Nc3 Re8 9. O-O Nbd7 10. b4 Nb6 11. Be2 Nbd5 12. Qd2 Nxc3 13. Qxc3 Nd5 14. Qc4
Bf6 15. Bd3 Be6 16. Qc5 Qe7 17. Be4 c6 18. Re1 h6 19. Ra2 Nxb4 20. Rae2 Qxc5 21.
dxc5 Na6 22. Be3 Bc4 23. Rc2 Rxe4 24. Nd2 Rxe3 25. Rxe3 Bd5 26. Nf3 Rd8 27. Rce2
Be6 28. Rxe6 fxe6 29. Rxe6 Nxc5 30. Re2 Rd3 31. Re8+ Kf7 32. Re3 Rxe3 33. fxe3
Bb2 34. g4 Bxa3 35. Ne5+ Kf6 36. Nc4 Bb4 37. Kg2 a5 0-1

[Event "Challenge"]
[Site "http://www.queenalice.com/game.php?id=895652"]
[Date "2011.2.4"]
[Round "-"]
[White "Cleide"]
[Black "estella"]
[Result "0-1"]
[WhiteElo "1428"]
[BlackElo "1363"]

1. e3 d5 2. d4 e6 3. a3 Nf6 4. c4 dxc4 5. Bxc4 Nc6 6. Nc3 Bd6 7. Nf3 O-O 8. O-O
Na5 9. Ba2 Nc6 10. e4 e5 11. d5 Nd4 12. Nxd4 exd4 13. Qxd4 c5 14. Qe3 Ng4 15.
Qe2 Bxh2+ 16. Kh1 Qh4 17. Qf3 Bg3+ 0-1

[Event "Challenge"]
[Site "http://www.queenalice.com/game.php?id=895839"]
[Date "2011.2.4"]
[Round "-"]
[White "Cleide"]
[Black "cachoremaggi"]
[Result "0-1"]
[WhiteElo "1453"]
[BlackElo "1820"]

1. e3 e5 2. d4 exd4 3. exd4 d5 4. Nf3 Bg4 5. Be2 f6 6. O-O Nc6 7. Re1 Be7 8. a3
Qd7 9. Nc3 O-O-O 10. Nh4 Be6 11. Bb5 Nh6 12. Na4 Rhe8 13. Nc5 Bxc5 14. dxc5 Nf5
15. Nf3 a6 16. Ba4 d4 17. b4 Qf7 18. b5 axb5 19. Bxb5 Re7 20. Bb2 Red7 21. a4
Rd5 22. Bc4 Re5 23. Nxe5 fxe5 24. Bxe6+ Qxe6 25. Qd3 Nb4 26. Qe4 Nc6 27. c3 g6
0-1

[Event "Challenge"]
[Site "http://www.queenalice.com/game.php?id=895840"]
[Date "2011.2.4"]
[Round "-"]
[White "Cleide"]
[Black "acauamusic"]
[Result "1-0"]
[WhiteElo "1407"]
[BlackElo "1588"]

1. e3 d5 2. d4 Nc6 3. a3 Nf6 4. c4 e6 5. Nc3 Be7 6. Nf3 O-O 7. b4 dxc4 8. Bxc4
a5 9. b5 Na7 10. a4 c5 11. d5 exd5 12. Nxd5 Nxd5 13. Bxd5 Bf6 14. Ra2 Bd4 15. e4
Qe7 16. Re2 Be6 17. O-O Nc8 18. Nxd4 Nd6 19. Nf5 Nxf5 20. exf5 Qd6 21. fxe6 Rad8
22. exf7+ Kh8 23. Rd2 Rde8 24. fxe8=N Rxe8 25. Bxb7 Qb8 26. Bc6 Re6 27. Rd8+ Re8
28. Rxb8 Rxb8 29. Bf4 Rd8 30. Qxd8# 1-0

[Event "Challenge"]
[Site "http://www.queenalice.com/game.php?id=895848"]
[Date "2011.2.4"]
[Round "-"]
[White "Cleide"]
[Black "I_BOSS_BO"]
[Result "1-0"]
[WhiteElo "1435"]
[BlackElo "1490"]

1. e3 e5 2. d4 d6 3. c4 a6 4. Nf3 g6 5. Be2 e4 6. Nfd2 Nf6 7. Nc3 d5 8. Qb3 c6
9. a4 h5 10. O-O Ng4 11. h3 Nf6 12. f3 Qc7 13. cxd5 Qg3 14. Ndxe4 Qh4 15. f4
cxd5 16. Nxd5 Nxe4 17. Nc7+ Kd7 18. Qxf7+ Be7 19. Nxa8 b5 20. Qd5+ Bd6 21. Qxe4
Re8 22. Nb6+ Kd8 23. Qxg6 Be7 24. Nxc8 Kxc8 25. Qxe8+ Bd8 26. Qe6+ Kc7 27. Qe5+
Kc8 28. Bxh5 Nd7 29. Bg4 Bf6 30. Qe8+ Kc7 31. Qxd7+ Kb6 32. a5# 1-0

[Event "Let's Play Chess!"]
[Site "http://www.queenalice.com/game.php?id=895850"]
[Date "2011.2.4"]
[Round "-"]
[White "Cleide"]
[Black "bg"]
[Result "0-1"]
[WhiteElo "1418"]
[BlackElo "1760"]

1. e3 d5 2. d4 Nc6 3. c4 e6 4. a3 Bd6 5. Nc3 e5 6. Nxd5 Nf6 7. Nxf6+ Qxf6 8. Nf3
Bg4 9. Be2 O-O 10. b4 Rfe8 11. c5 Bf8 12. Bb2 Bxf3 13. Bxf3 exd4 14. e4 Rad8 15.
O-O a6 16. Re1 Qh4 17. g3 Qh6 18. Re2 g6 19. Rd2 Bg7 20. Qe1 Ne5 21. Be2 Nc6 22.
f3 Qg5 23. Rad1 Re7 24. h4 Qe5 25. Bd3 Qe6 26. Qf2 Bh6 27. Re2 Ne5 28. Bxd4 Qb3
29. Bc2 Qxa3 30. f4 Nc6 31. Bf6 Rxd1+ 32. Bxd1 Rd7 33. Bc2 Qxb4 34. g4 Nd4 35.
Bxd4 Rxd4 0-1

[Event "ASA GIGANTE"]
[Site "http://www.queenalice.com/game.php?id=895852"]
[Date "2011.2.4"]
[Round "-"]
[White "plot24"]
[Black "Cleide"]
[Result "1-0"]
[WhiteElo "1919"]
[BlackElo "1430"]

1. e4 b6 2. d4 Bb7 3. Nc3 g6 4. Bd3 Bg7 5. Nf3 e6 6. Bf4 Ne7 7. Qe2 O-O 8. O-O
d6 9. Rad1 Nbc6 10. Rd2 Nb4 11. Bc4 d5 12. Bb3 Ba6 13. Qe3 Bxf1 14. Kxf1 a5 15.
exd5 exd5 16. Be5 Nf5 17. Qe2 Re8 18. a3 Nc6 19. Bxd5 Nfxd4 20. Bxc6 Bxe5 21.
Qd1 Qf6 22. Bxa8 Nxf3 23. Bxf3 Bxh2 24. Nd5 Qxb2 25. c3 Qb5+ 26. Be2 Qc6 27. Qb3
a4 28. Qb5 Qxb5 29. Bxb5 Re5 30. Bxa4 Rh5 31. Nf6+ Kg7 32. Nxh5+ gxh5 33. g3 1-0

[Event "AUTO-OPEN-2253"]
[Site "http://www.queenalice.com/game.php?id=895853"]
[Date "2011.2.4"]
[Round "1"]
[White "razoman"]
[Black "Cleide"]
[Result "1-0"]
[WhiteElo "1936"]
[BlackElo "1407"]

1. e4 b6 2. Bc4 Bb7 3. d3 a6 4. a4 g6 5. Nf3 Bg7 6. c3 e6 7. O-O Ne7 8. Bb3 O-O
9. Nbd2 d5 10. e5 c5 11. d4 c4 12. Bc2 Nbc6 13. Re1 Na5 14. Nf1 Nb3 15. Bxb3
cxb3 16. Qxb3 Nc6 17. Ne3 f6 18. Ng4 f5 19. Nh6+ Kh8 20. Bg5 Qc7 21. c4 Na5 22.
Qc3 Nxc4 23. b3 Rac8 24. bxc4 a5 25. Rab1 Ba6 26. c5 bxc5 27. Qxc5 Qxc5 28. dxc5
Rxc5 29. Rb6 Rfc8 30. Nf7+ Kg8 31. Nh6+ Kf8 32. Rxa6 Rc4 33. Rxa5 f4 34. Ra7
Bxe5 35. Nxe5 Rc1 36. Kf1 Rxe1+ 37. Kxe1 Rc1+ 38. Kd2 Rg1 39. Bf6 Rxg2 40. Ra8#
1-0

[Event "AUTO-OPEN-2253"]
[Site "http://www.queenalice.com/game.php?id=895854"]
[Date "2011.2.4"]
[Round "1"]
[White "Cleide"]
[Black "razoman"]
[Result "0-1"]
[WhiteElo "1420"]
[BlackElo "1896"]

1. e3 e5 2. d4 e4 3. a3 d5 4. Ne2 Bd6 5. b3 Nf6 6. Nbc3 c6 7. b4 Nbd7 8. Nf4 O-O
9. Be2 Nb6 10. O-O Bxf4 11. exf4 Bf5 12. f3 Re8 13. Bb2 Nc4 14. Bc1 e3 15. g4
Bd7 16. Na4 b6 17. c3 Qe7 18. Qd3 c5 19. Nb2 Nxb2 20. Bxb2 c4 21. Qc2 a5 22.
Rae1 axb4 23. cxb4 b5 24. Bd1 Qd6 25. f5 Qf4 26. Re2 Re7 27. Rfe1 Rae8 28. Qc3
h5 29. Bc1 hxg4 30. Bxe3 Qd6 31. Rg2 Bxf5 32. fxg4 Bd3 33. Qd2 Ne4 34. Qc1 c3
35. Bf4 Qb6 36. Be3 Re6 37. g5 Qc7 38. Bf4 Qc4 39. Be3 Nd2 40. Rg3 Rxe3 41.
Rexe3 Rxe3 42. Bh5 Rxg3+ 43. hxg3 Qxd4+ 44. Kg2 Be4+ 45. Kh3 Nb3 46. Qf4 g6 47.
Be2 Bf5+ 48. Kh4 Qxf4+ 49. gxf4 c2 50. Bxb5 c1=Q 0-1

[Event "AUTO-OPEN-2253"]
[Site "http://www.queenalice.com/game.php?id=895883"]
[Date "2011.2.4"]
[Round "1"]
[White "Cleide"]
[Black "Donyelko"]
[Result "0-1"]
[WhiteElo "1411"]
[BlackElo "2014"]

1. e3 e5 2. d4 exd4 3. exd4 d5 4. a3 c5 5. Nf3 Nc6 6. c4 h6 7. Nc3 Be6 8. Qb3
Na5 9. Qb5+ Bd7 10. Qxd7+ Qxd7 11. Nxd5 Nb3 12. Rb1 Nxc1 13. Rxc1 Nf6 14. Ne5
Qd8 15. Nxf6+ Qxf6 16. Ng4 Qxd4 17. Ne3 O-O-O 18. Be2 Qd2+ 0-1

[Event "AUTO-OPEN-2253"]
[Site "http://www.queenalice.com/game.php?id=895884"]
[Date "2011.2.4"]
[Round "1"]
[White "Donyelko"]
[Black "Cleide"]
[Result "1-0"]
[WhiteElo "2019"]
[BlackElo "1409"]

1. e4 b6 2. d4 Bb7 3. d5 g6 4. Be3 Bg7 5. Bd4 e5 6. dxe6 Bxd4 7. exf7+ Kxf7 8.
Qxd4 Ne7 9. Nf3 c5 10. Ng5+ Kg8 11. Qxh8+ Kxh8 12. Nf7+ Kg7 13. Nxd8 Bxe4 14.
Na3 a5 15. f3 Bf5 16. g4 Be6 17. Nxe6+ dxe6 18. O-O-O Ra7 19. Nb5 Rd7 20. Bc4
Nd5 21. Bxd5 exd5 22. h4 Nc6 23. Nc3 d4 24. Ne4 Ne5 25. Rdf1 Rf7 26. Ng5 Rf4 27.
Ne6+ 1-0

[Event "AUTO-OPEN-2253"]
[Site "http://www.queenalice.com/game.php?id=895885"]
[Date "2011.2.4"]
[Round "1"]
[White "Cleide"]
[Black "TriGuy"]
[Result "0-1"]
[WhiteElo "1409"]
[BlackElo "2105"]

1. e3 e5 2. d4 exd4 3. exd4 d5 4. Nf3 Bg4 5. Be2 Bd6 6. a3 Nf6 7. O-O O-O 8. b4
Re8 9. c4 dxc4 10. Bxc4 Nbd7 11. Nc3 Nb6 12. Ba2 Qd7 13. Qd3 c6 14. h3 Bf5 15.
Qd2 Rad8 16. Re1 Rxe1+ 17. Nxe1 Re8 18. Bb2 Nbd5 19. Nd3 Nxc3 20. Bxc3 Ne4 21.
Qc2 Nxc3 22. Qxc3 Bxh3 23. g3 Re2 24. Bb3 Qf5 25. f4 Qe4 26. Ne1 Rg2+ 27. Kh1
Re2+ 28. Nf3 Bg2+ 29. Kg1 Bxf3 30. Qc4 Qe3+ 31. Kf1 Bg2# 0-1

[Event "AUTO-OPEN-2253"]
[Site "http://www.queenalice.com/game.php?id=895886"]
[Date "2011.2.4"]
[Round "1"]
[White "TriGuy"]
[Black "Cleide"]
[Result "1-0"]
[WhiteElo "2121"]
[BlackElo "1422"]

1. b3 g6 2. Bb2 Nf6 3. e3 Bg7 4. Nf3 b6 5. c4 O-O 6. Be2 Bb7 7. O-O d5 8. d4
Nbd7 9. Nc3 e6 10. Rc1 a6 11. cxd5 exd5 12. b4 b5 13. a4 c6 14. a5 Qe7 15. Ba3
Ne4 16. Nxe4 Qxe4 17. Ne1 Rfe8 18. Nd3 Bh6 19. Bf3 Qf5 20. Bg4 Qf6 21. Bxd7 Re7
22. Nc5 Ra7 23. Nxb7 Rxd7 24. Nc5 Re7 25. Nd3 Ra8 26. Rc5 Rd8 27. Qc2 Rd6 28.
Bb2 Bg5 29. Ne5 Ree6 30. Rc1 Bh4 31. g3 Qf5 32. Qxf5 gxf5 33. gxh4 Rh6 34. Rxc6
Rde6 35. Rxe6 fxe6 36. Rc6 Rxh4 37. Rxe6 Rh5 38. Rxa6 Rg5+ 39. Kh1 h5 40. Rg6+
Rxg6 41. Nxg6 1-0

[Event "AUTO-INT-1944"]
[Site "http://www.queenalice.com/game.php?id=896330"]
[Date "2011.2.5"]
[Round "1"]
[White "McKubik"]
[Black "Cleide"]
[Result "0-1"]
[WhiteElo "1482"]
[BlackElo "1416"]

1. e4 b6 2. Nc3 Bb7 3. Nf3 g6 4. g3 Bg7 5. Bh3 e6 6. b3 Ne7 7. Ba3 O-O 8. O-O
Re8 9. Ng5 c5 10. Nb5 d5 11. d3 h6 12. Nf3 Bxa1 13. Qxa1 a6 14. Nc3 Nd7 15. exd5
Nxd5 16. Re1 b5 17. d4 b4 18. Ne4 bxa3 19. dxc5 Qe7 20. c4 N5f6 21. Qc1 Kg7 22.
Qf4 e5 23. Qh4 Nxe4 24. Bxd7 Qxd7 25. b4 Qd3 26. b5 Qxc4 27. c6 Bc8 28. Rxe4
Qxa2 29. Nxe5 Qa1+ 30. Kg2 Rxe5 31. b6 Bf5 32. b7 Bxe4+ 33. Kh3 Qf1+ 34. Kg4
Rg5+ 35. Kf4 Qc1+ 36. Kxe4 Re8+ 37. Kd4 Qc5+ 38. Kd3 Rd5+ 0-1

[Event "AUTO-INT-1944"]
[Site "http://www.queenalice.com/game.php?id=896331"]
[Date "2011.2.5"]
[Round "1"]
[White "Cleide"]
[Black "McKubik"]
[Result "1-0"]
[WhiteElo "1405"]
[BlackElo "1422"]

1. e3 e5 2. d4 Nc6 3. a3 Nf6 4. c4 b6 5. b4 a5 6. b5 Ne7 7. dxe5 Ne4 8. Nf3 Nf5
9. Bd3 Bb7 10. Qc2 Bc5 11. Bxe4 Nh4 12. Bxb7 Rb8 13. Bd5 O-O 14. Qe4 Nxg2+ 15.
Ke2 g6 16. Rg1 Nxe3 17. fxe3 c6 18. bxc6 dxc6 19. Bxc6 Rc8 20. Bd5 Qe7 21. Ng5
h6 22. Qxg6+ Kh8 23. Qh7# 1-0

[Event "AUTO-INT-1944"]
[Site "http://www.queenalice.com/game.php?id=896342"]
[Date "2011.2.5"]
[Round "1"]
[White "estes1"]
[Black "Cleide"]
[Result "1-0"]
[WhiteElo "1518"]
[BlackElo "1451"]

1. e4 b6 2. d4 g6 3. Nf3 e6 4. Nc3 Ne7 5. Be2 Bg7 6. O-O d5 7. e5 O-O 8. Bd3
Nbc6 9. Be3 f6 10. Ne2 fxe5 11. dxe5 Nxe5 12. Nxe5 Bxe5 13. c3 Qd6 14. Ng3 Nf5
15. Qg4 Bd7 16. Rae1 d4 17. cxd4 Bxd4 18. Nxf5 exf5 19. Qxd4 Qxd4 20. Bxd4 c5
21. Bc3 a5 22. Re5 a4 23. Bc4+ Rf7 24. Bxf7+ Kxf7 25. Rd1 Be6 26. Rd6 Re8 27.
Rxb6 Bxa2 28. Rxc5 h5 29. Rf6+ 1-0

[Event "AUTO-INT-1944"]
[Site "http://www.queenalice.com/game.php?id=896343"]
[Date "2011.2.5"]
[Round "1"]
[White "Cleide"]
[Black "estes1"]
[Result "0-1"]
[WhiteElo "1438"]
[BlackElo "1531"]

1. e3 e5 2. d4 exd4 3. exd4 Nf6 4. d5 h6 5. a3 d6 6. c4 Be7 7. Nc3 O-O 8. Nf3
Nbd7 9. Be2 Nh7 10. O-O Ndf6 11. Re1 Nh5 12. Nd4 N5f6 13. Qd3 Ng4 14. f3 Ne5 15.
Qe4 Nf6 16. Qc2 Ng6 17. f4 c6 18. dxc6 bxc6 19. Nxc6 Qb6+ 20. Kh1 Qxc6 21. Bf3
Qxc4 22. Bxa8 Bd8 23. b3 Qc7 24. Bf3 Nh4 25. Bb2 Bb7 26. Bxb7 Qxb7 27. Re2 Nh5
28. Rf1 Bc7 29. Ne4 Re8 0-1

[Event "AUTO-INT-1944"]
[Site "http://www.queenalice.com/game.php?id=896350"]
[Date "2011.2.5"]
[Round "1"]
[White "Cleide"]
[Black "Loro"]
[Result "0-1"]
[WhiteElo "1426"]
[BlackElo "1475"]

1. e3 e5 2. d4 e4 3. d5 d6 4. c4 c5 5. Nc3 Nf6 6. Nge2 Be7 7. Ng3 Bg4 8. Qc2
Nbd7 9. Ngxe4 Ne5 10. b3 Bf5 11. Be2 Qa5 12. Bd2 b5 13. Nxb5 Qb6 14. Nxf6+ Bxf6
15. Qxf5 O-O 16. Rb1 Ng6 0-1

[Event "AUTO-INT-1944"]
[Site "http://www.queenalice.com/game.php?id=896351"]
[Date "2011.2.5"]
[Round "1"]
[White "Loro"]
[Black "Cleide"]
[Result "1-0"]
[WhiteElo "1489"]
[BlackElo "1412"]

1. Nf3 b6 2. e4 Bb7 3. Nc3 g6 4. Ne5 Bg7 5. d4 d6 6. Bd2 dxe5 7. d5 c6 8. dxc6
Bxc6 9. Bc4 a6 10. a4 Nf6 11. b4 O-O 12. Qe2 Qd4 13. f3 Rd8 14. O-O-O Bxa4 15.
Be3 Qxc3 16. Rxd8+ 1-0